<The> Art of Japaness Management

Salvato in:
Dettagli Bibliografici
Autore principale: Pascale, Richard Tanner
Altri autori: Athos, Anthony G.
Natura: Libro
Lingua:inglese
Pubblicazione: London Penguin Books 1981
Edizione:1. ed.
Tags: Aggiungi Tag
Nessun Tag, puoi essere il primo ad aggiungerne!!

MARC

LEADER 00000nam a2200000 4500
001 c024739
005 20221220101328.7
041 0 |a eng 
044 |a GB 
245 1 0 |a <The> Art of Japaness Management  |c Richard Tanner Pascale, Anthony G. Athos 
250 |a 1. ed. 
264 1 |a London  |b Penguin Books  |c 1981 
300 |a 221 s. 
100 1 |a Pascale, Richard Tanner 
700 1 |a Athos, Anthony G.